Statistics for Portland Trail Blazers Leaders Per Year

Click here to take the quiz!

General Stats

  • This quiz has been taken 1,185 times
    (466 since last reset)
  • The average score is 13 of 69

Answer Stats

Player% Correct
Damian Lillard
100%
Jusuf Nurkić
83%
Clyde Drexler
81%
C.J. McCollum
79%
LaMarcus Aldridge
75%
Bill Walton
69%
Brandon Roy
57%
Brian Grant
49%
Scottie Pippen
38%
Terry Porter
35%
Gerald Wallace
33%
Rasheed Wallace
33%
Buck Williams
29%
Arvydas Sabonis
26%
Hassan Whiteside
25%
Al-Farouq Aminu
22%
Clifford Robinson
22%
Zach Randolph
21%
Damon Stoudamire
20%
Caldwell Jones
18%
Jerome Kersey
18%
Maurice Lucas
18%
Wesley Matthews
18%
Enes Kanter
17%
Josh Hart
17%
Jarrett Jack
16%
Andre Miller
14%
Geoff Petrie
14%
Greg Anthony
14%
Mychal Thompson
14%
Drew Eubanks
13%
Maurice Harkless
13%
Robert Covington
13%
Robin Lopez
13%
Jim Paxson
12%
Kiki Vandeweghe
11%
Mason Plumlee
10%
Rod Strickland
10%
Dale Davis
9%
Sidney Wicks
9%
Lionel Hollins
8%
Sam Bowie
8%
Marcus Camby
7%
Derek Anderson
6%
Kenny Anderson
6%
Steve Blake
6%
Isaiah Rider
5%
Joel Przybilla
4%
Theo Ratliff
4%
Dave Twardzik
3%
J.J. Hickson
3%
Kermit Washington
3%
Larry Steele
3%
Leroy Ellis
3%
Lloyd Neal
3%
Raymond Felton
3%
Ruben Patterson
3%
Chris Dudley
2%
Darius Miles
2%
Darnell Valentine
2%
Fat Lever
2%
Wayne Cooper
2%
Kelvin Cato
1%
Kelvin Ransey
1%
Kenny Carr
1%
Rick Adelman
1%
Rick Roberson
1%
Tom Owens
1%
T.R. Dunn
1%

Score Distribution

Percentile by Number Answered

Percent of People with Each Score

Your Score History

You have not taken this quiz since the last reset